Catálogo

LA PASTORAL JUVENIL Y LA DOCTRINA SOCIAL DE LA IGLESIA (Registro nro. 17905)

Detalles MARC
000 -LEADER
fixed length control field 00415nam a2200145 a 4500
001 - CONTROL NUMBER
control field 17905
005 - DATE AND TIME OF LATEST TRANSACTION
control field 20180713211114.0
008 - FIXED-LENGTH DATA ELEMENTS--GENERAL INFORMATION
fixed length control field 140415s1984 000 0 spa d
041 ## - LANGUAGE CODE
Language code of text/sound track or separate title spa
082 ## - DEWEY DECIMAL CLASSIFICATION NUMBER
Classification number 306.6083
Item number PAS
245 03 - TITLE STATEMENT
Title LA PASTORAL JUVENIL Y LA DOCTRINA SOCIAL DE LA IGLESIA
260 ## - PUBLICATION, DISTRIBUTION, ETC.
Place of publication, distribution, etc. [s.l.] :
Name of publisher, distributor, etc. CASA DE LA JUVENTUD,
Date of publication, distribution, etc. 1984
300 ## - PHYSICAL DESCRIPTION
Extent 48
650 14 - SUBJECT ADDED ENTRY--TOPICAL TERM
Topical term or geographic name entry element SOCIOLOGIA CRISTIANA
General subdivision JOVENES
Existencias
Withdrawn status Lost status Source of classification or shelving scheme Damaged status Not for loan Collection code Home library Current library Shelving location Date acquired Source of acquisition Total Checkouts Full call number Barcode Price effective from Koha item type
    Dewey Decimal Classification   Consulta en sala Referencia Biblioteca Karol Wojtyla Biblioteca Karol Wojtyla Referencia 03/12/2013 Compra   306.6083 PAS 36250 10/07/2018 Folleto